| 000 | 00526nam a2200133Ia 4500 | ||
|---|---|---|---|
| 999 |
_c23106 _d23106 |
||
| 082 | _aRS.0886 | ||
| 100 |
_aSarkar, Manjari _uKandra RadhaKanta Kundu Mahavidyalaya(KANDRA COLLEGE) _vWest Bengal |
||
| 245 | _aPoverty alleviation through microfinance in some parts of Burdwan district, West Bengal | ||
| 260 |
_c2014 _aWest Bengal |
||
| 300 | _aiv, 104p | ||
| 536 | _aIndian Council of Social Science Research, New Delhi | ||
| 650 |
_aMicro-finance _vEconomic conditions _vPoverty _zBurdwan _zWest Bengal _zIndia |
||
| 942 |
_cRP _2ddc |
||